| 000 | 00679nam a2200121Ia 4500 | ||
|---|---|---|---|
| 008 | 220615s9999||||xx |||||||||||||| ||und|| | ||
| 245 | 0 |
_aEmerging Threats of Synthetic Biology and Biotechnology _bAddressing Security and Resilience Issues |
|
| 546 | _aEnglish[eng] | ||
| 650 | _aSynthetic Biology Governance||Biotechnology Regulation||Environmental Sustainability||Energy Production||Risks and Applications||Risk Assessment||Human Health Risks||Environmental Health Risks||Open Access | ||
| 700 | _aTrump, Benjamin D.||Florin, Marie-Valentine||Perkins, Edward||Linkov, Igor | ||
| 856 | _uhttps://library.oapen.org/bitstream/20.500.12657/50742/1/978-94-024-2086-9.pdf | ||
| 942 | _cEB | ||
| 999 |
_c12349 _d12349 |
||